000 00646nam a2200205Ii 4500
003 JO-AjNU
008 230605s9999||||xx |||||||||||||| ||und||
040 _aJO-AjNU
_bara
_erda
_cJO-AjNU
041 _aara
050 1 4 _aLB1025.2.T476 1993
100 3 _aالطيطي، محمد حمد عقل,
_eauthor
_952625
245 0 0 _aتدريس المفاهيم: نموذج تصميم تعليمي
250 _aط1
264 3 1 _aإربد: دار الأمل، 1993
300 _a211ص
336 _atext
_btxt
_2rdacontent
337 _aunmediated
_bn
_2rdamedia
338 _avolume
_bnc
_2rdacarrier
650 4 _aالتعليم - نماذج
_952626
999 _aA23323
_c26891
_d26891